000 00938cam a2200217 4500
001 WB3814-09
008 020417n2002 000 0 eng u
035 _a(Sirsi) u117534
245 _aConsultation on EC environmental liability proposal
260 _c2002
490 _aDEFRA News Release
_v(142/02) 12 April 2002, (2)
520 _aDEFRA launches public consultation on European Commission's proposal for an EU Directive on Environmental Liability. The aim is to make sure the polluter pays for the prevention and remediation of environmental damage. For news release: http://www.defra.gov.uk/news/2002/020412d.htm. Additional information: http://www.defra.gov.uk/environmentliability/index.htm
590 _aWB
650 _aENVIRONMENTAL LIABILITY
650 _aEU DIRECTIVE
650 _aPOLLUTION
650 _aENVIRONMENTAL DAMAGE
650 _aBIODIVERSITY
690 _aENVIRONMENT-ENVIRONMENTAL LAW
942 _n0
999 _c69995
_d69995